Krízové situácie v prostredí Slovenskej republiky
Ochrana života, zdravia, majetku a životného prostredia obyvateľov je potrebou všetkých krajín sveta. Na to, aby štáty dokázali zvládať ťažké krízové javy, je potrebné mať oporu v zákone. Zameranie na rozbor jednotlivých zákonov, ktoré sa zaoberajú problematikou krízových situácií. Rozbor aj jedn...
Salvato in:
| Autore principale: | |
|---|---|
| Natura: | Capitolo di libro |
| Lingua: | slovacco |
| Soggetti: | |
| Tags: |
Nessun Tag, puoi essere il primo ad aggiungerne!!
|
MARC
| LEADER | 00000naa a2200000 4500 | ||
|---|---|---|---|
| 001 | 0306966 | ||
| 005 | 20250212085813.6 | ||
| 041 | 0 | |a slo | |
| 044 | |a SK | ||
| 245 | 1 | 0 | |a Krízové situácie v prostredí Slovenskej republiky |c Jozef Kubás |
| 520 | |a Ochrana života, zdravia, majetku a životného prostredia obyvateľov je potrebou všetkých krajín sveta. Na to, aby štáty dokázali zvládať ťažké krízové javy, je potrebné mať oporu v zákone. Zameranie na rozbor jednotlivých zákonov, ktoré sa zaoberajú problematikou krízových situácií. Rozbor aj jednotlivých krízových situácií, ktoré sa na Slovensku objavili za určité obdobie. | ||
| 610 | 2 | 0 | |a kríza |
| 610 | 2 | 0 | |a udalosti poistné |
| 610 | 2 | 0 | |a ochrana civilná |
| 610 | 2 | 0 | |a bezpečnosť |
| 610 | 2 | 0 | |a kvalita života |
| 610 | 2 | 0 | |a Slovensko |
| 610 | 2 | 0 | |a analýzy |
| 100 | 1 | |a Kubás, Jozef | |